| 000 | 00426nam a2200157Ia 4500 | ||
|---|---|---|---|
| 008 | 230718s9999 xx 000 0 und d | ||
| 041 | _aeng | ||
| 082 |
_a621.39'2 _bROT |
||
| 100 | _aRoth C.H. | ||
| 245 | _aDigital System Design Using VHDL | ||
| 260 |
_c1997 _bBrooks/Cole Publishing Comp. |
||
| 300 |
_a470 _dRef 590 E (11821) |
||
| 365 |
_cRs. _b338.00 |
||
| 700 | _aRoth C.H. | ||
| 906 |
_dB:999703-Jan-2001 _cETC _b50.7 |
||
| 999 |
_c300996 _d300996 |
||